多摩市の町名 【読み方版】 - Statistics

General Stats
  • This quiz has been taken 66 times
  • The average score is 10 of 22
Answers on the Map
Answers color-coded by a green-red scale on the quiz's map according to % correct below.
 
Answer Stats
町名 % Correct
永山 (ながやま)
87%
桜ヶ丘 (さくらがおか)
78%
唐木田 (からきだ)
68%
関戸 (せきど)
63%
落合 (おちあい)
62%
鶴牧 (つるまき)
57%
豊ヶ丘 (とよがおか)
52%
貝取 (かいどり)
50%
乞田 (こった)
50%
諏訪 (すわ)
50%
百草 (もぐさ)
48%
和田 (わだ)
47%
聖ヶ丘 (ひじりがおか)
45%
連光寺 (れんこうじ)
42%
南野 (みなみの)
38%
一ノ宮 (いちのみや)
33%
愛宕 (あたご)
33%
落川 (おちかわ)
28%
馬引沢 (まひきざわ)
28%
山王下 (さんのうした)
28%
中沢 (なかざわ)
25%
東寺方 (ひがしてらがた)
18%
No matching quizzes found
Score Distribution
Percent of People with Each Score
Percentile by Number Answered
Your Score History
You have not taken this quiz